Statistics for Célébrités mortes en 2020

Click here to take the quiz!

General Stats

  • This quiz has been taken 25 times
  • The average score is 4 of 12

Answer Stats

HintAnswer% Correct
Joueur de basket qui a effectué l'entièreté de sa carrières chez les Los Angeles LakersKobe Bryant
76%
Ancien président français de la Vème RépubliqueValéry Giscard d'Estaing
52%
Jeune rappeur américain mort d'une balle dans le torsePop Smoke
43%
Acteur principal du film Black PantherChadwick Boseman
38%
Auteur-compositeur, chanteur français. Connu pour ses titres Aline et Succès fouChristophe
38%
Acteur britannique connu pour ses interprétations de l'agent secret 007Sean Connery
29%
Compositeur, chef d'orchestre, musicien italien, connu pour ses nombreuses musiques de filmsEnnio Morricone
19%
Dessinateur de Astérix le GauloisAlbert Uderzo
14%
Noble franco-belge. Chanteuse et actrice morte à 92 ansAnnie Cordy
14%
"El pibe de oro" tout simplementDiego Maradona
14%
Humoriste, artiste et scénariste français, mort à 85 ans à Paris. Il a 3 enfants connu: Leslie, Nicolas et Victoria. Ses initiales sont GBGuy Bedos
14%
Acteur britannique incarnant Bilbon SacquetIan Holm
14%

Score Distribution

Percentile by Number Answered

Percent of People with Each Score

Your Score History

You have not taken this quiz